| 000 | 00428nam a22001817a 4500 | ||
|---|---|---|---|
| 003 | MPLRDC | ||
| 005 | 20220104124315.0 | ||
| 008 | 210129b ||||| |||| 00| 0 eng d | ||
| 082 | _a544.7 LXXL v.6 | ||
| 100 | _a联亚出版社编辑部 | ||
| 245 |
_a女性的弱点 _c |
||
| 250 | _a初版 | ||
| 260 |
_a _b联亚出版社 _c1982 |
||
| 300 | _b平 | ||
| 490 | _a两性系列;6 | ||
| 650 | _a | ||
| 942 |
_cBK _o544.7 LXXL v.6 |
||
| 999 |
_c18284 _d18274 |
||